Представление документа в формате RUSMARC

ПолеНазваниеЗначение
  Тип записи a
  Библиографический уровень m
001 Контрольный номер fc6d11577db74e7fb0159a61a066565d
005 Дата корректировки 20181114090209.0
010 Индекс ISBN __
a ISBN 978-5-00140-034-9
d Цена б/ц
101 Язык документа 0_
a Язык текста rus
102 Страна публикации __
a Страна публикации RU
200 Заглавие и сведения об ответственности 1_
f Первые сведения об ответственности В.В. Березина
b Общее обозначение материала Текст
a Заглавие Методические указания по выполнению выпускной квалификационной работы
210 Выходные данные 1_
a Место издания Саратов
c Издательство Амирит
d Дата издания 2018
215 Физическое описание __
a Объем 31 с.
300 Общие примечания __
a Общие примечания Направление подготовки 43.03.01 Сервис, направленность (профиль) "Сервис в торговле"
610 Ключевые слова 0_
a Ключевые слова методические материалы
a Ключевые слова сервис в торговле
a Ключевые слова ВКР
a Ключевые слова выпускная квалификационная работа
a Ключевые слова бакалавриат
686 Индексы других классификаций __
a Классификационный индекс 65.422
a Классификационный индекс 74.58
700 Автор _1
b Имя В.В.
a Фамилия Березина
801 Источник записи _0
a Страна RU
b Организация РУК
g Правила каталогизации PSBO
801 Источник записи _1
a Страна RU
b Организация РУК
g Правила каталогизации PSBO
852 Данные о местонахождении __
i Авторский знак Б 48
j Шифр хранения ББК 65.422+74.58
901 Тип документа __
t Тип документа m
937 Технологическая информация __
a Создатель записи (имя) Михно
938 Служебная информация __
a Название организации Поволжский филиал
952 Тип литературы __
c Вид литературы учебно-методическое издание